000 00486nam a2200157Ia 4500
008 100415s9999 xx 000 0 und d
082 _b20424
_a574.5
100 _aSingh,H.S
245 _aBiodiversity Study In Ratanmalals Wild Life Sanctury
260 _aGANDHINAGAR
_c2002
_bGEER FOUNDATION
365 _b0
530 _bDonated
630 _aBiodiversity Study In Ratanmalals Wild Life Sanctury
730 _aBiodiversity Study In Ratanmalals Wild Life Sanctury
942 _cBOOK
999 _c603321
_d603318